Statistics for Largest Cities in the Middle East

Click here to take the quiz!

General Stats

  • This quiz has been taken 56 times
  • The average score is 24 of 30

Answer Stats

PopulationCountryAnswer% Correct
20,400,000EgyptCairo
100%
2,700,000United Arab EmiratesDubai
100%
14,600,000TurkeyIstanbul
100%
3,900,000IsraelTel Aviv
100%
5,200,000TurkeyAnkara
98%
8,700,000IraqBaghdad
98%
6,500,000Saudi ArabiaRiyadh
98%
16,100,000IranTehran
98%
5,000,000EgyptAlexandria
96%
4,000,000JordanAmman
96%
2,400,000KuwaitKuwait City
96%
2,700,000United Arab EmiratesAbu Dhabi
94%
2,200,000LebanonBeirut
94%
1,500,000OmanMuscat
94%
2,100,000YemenSanaa
94%
1,700,000SyriaDamascus
92%
1,600,000Saudi ArabiaMecca
90%
4,300,000Saudi ArabiaJeddah
88%
4,100,000TurkeyIzmir
82%
1,700,000SyriaAleppo
80%
1,800,000PalestineGaza
69%
2,600,000IraqBasra
61%
4,000,000IranIsfahan
59%
1,800,000IranShiraz
57%
3,300,000IranMashhad
51%
1,700,000IranTabriz
47%
2,800,000TurkeyBursa
43%
1,700,000IraqErbil
37%
1,600,000TurkeyAdana
29%
1,900,000IranKaraj
10%

Score Distribution

Percentile by Number Answered

Percent of People with Each Score

Your Score History

You have not taken this quiz